| 000 | 00749nam a2200253 a 4500 | ||
|---|---|---|---|
| 001 | 000026508 | ||
| 003 | DO-SdBNP | ||
| 005 | 20180319104317.0 | ||
| 007 | 000026508 | ||
| 008 | 110322s20uu dr 000 p spa d | ||
| 040 |
_aBPMSU _bspa _cBPMSU |
||
| 082 | 0 | 4 |
_aRD861.44 _bC199d |
| 100 | 1 | _aCampusano, Ramón A. | |
| 245 | 1 | 0 |
_aDeleite / _cRamón A. Campusano ; prólogo Ingrid Moncle. |
| 260 |
_aHigüey : _bImpreso Oriental, _c[200?]. |
||
| 300 |
_a26 p. ; _c28 cm. |
||
| 650 | 4 | _aPOESÍA DOMINICANA | |
| 650 | 4 | _aLITERATURA DOMINICANA | |
| 700 | 1 |
_aMoncle, Ingrid, _epról. |
|
| 910 | _aValidado. Control de calidad MFF | ||
| 942 |
_2ddc _cBK |
||
| 945 | _aRemanejado para la BNPHU / 2018 BT | ||
| 956 |
_aVMATEO _b10 _c20160508 _lBPMSU _h0069 |
||
| 999 |
_c7610 _d7610 |
||